Government of the people : (Record no. 4741)
[ view plain ]
| 000 -LEADER | |
|---|---|
| fixed length control field | 01091cam a22002891 4500 |
| 001 - CONTROL NUMBER | |
| control field | 4741 |
| 003 - CONTROL NUMBER IDENTIFIER | |
| rucl marc code | BD-RjUL |
| 005 - DATE AND TIME OF LATEST TRANSACTION | |
| control field | 20211208233940.0 |
| 008 - FIXED-LENGTH DATA ELEMENTS--GENERAL INFORMATION | |
| fixed length control field | 131223s1944 nyu 001 0 eng |
| 035 ## - SYSTEM CONTROL NUMBER | |
| System control number | (BD-RjUL)4776 |
| System control number | (OCoLC)1550450 |
| 040 ## - CATALOGING SOURCE | |
| Original cataloging agency | DLC |
| Transcribing agency | F |
| Modifying agency | OCoLC |
| -- | DLC |
| -- | BD-RjUL |
| Language of cataloging | eng |
| 041 ## - LANGUAGE CODE | |
| Language code of text/sound track or separate title | eng |
| 082 ## - DEWEY DECIMAL CLASSIFICATION NUMBER | |
| Classification number | 342.733 |
| Author mark and year | BRG 1944 |
| 100 1# - MAIN ENTRY--PERSONAL NAME | |
| Personal name | Brogan, D. W. |
| Fuller form of name | (Denis William), |
| Dates associated with a name | 1900-1974. |
| 9 (RLIN) | 12588 |
| 245 10 - TITLE STATEMENT | |
| Title | Government of the people : |
| Remainder of title | a study in the America political system / |
| Statement of responsibility, etc. | D. W. Brogan...with a foreword by Professor Harold J. Laski. |
| 250 ## - EDITION STATEMENT | |
| Edition statement | New ed. |
| 260 ## - PUBLICATION, DISTRIBUTION, ETC. (IMPRINT) | |
| Place of publication, distribution, etc. | New York : |
| Name of publisher, distributor, etc. | Harper & brothers , |
| Date of publication, distribution, etc. | 1944 |
| 300 ## - PHYSICAL DESCRIPTION | |
| Pagination | xi, 15-415 p. |
| Illustrations | illus. (map) |
| Size | 23 cm. |
| 500 ## - GENERAL NOTE | |
| General note | "Published in England under the title The American political system." |
| 504 ## - BIBLIOGRAPHY, ETC. NOTE | |
| Bibliography, etc | Includes index. |
| 651 #0 - SUBJECT ADDED ENTRY--GEOGRAPHIC NAME | |
| Geographic name | United States |
| General subdivision | Politics and government. |
| 9 (RLIN) | 14953 |
| 856 ## - ELECTRONIC LOCATION AND ACCESS | |
| Uniform Resource Identifier | <a href="http://www.worldcat.org/title/government-of-the-people-a-study-in-the-american-political-system/oclc/853167&referer=brief_results">http://www.worldcat.org/title/government-of-the-people-a-study-in-the-american-political-system/oclc/853167&referer=brief_results</a> |
| 942 ## - ADDED ENTRY ELEMENTS (KOHA) | |
| Source of classification or shelving scheme | Dewey Decimal Classification |
| Koha item type | Books |
| Lost status | Source of classification or shelving scheme | Damaged status | Not for loan | Collection code | Permanent Location | Current Location | Shelving location | Date acquired | Source of acquisition | Total Checkouts | Full call number | Date last seen | Copy number | Koha item type |
|---|---|---|---|---|---|---|---|---|---|---|---|---|---|---|
| Dewey Decimal Classification | Not For Loan | Non-fiction | Central Library, University of Rajshahi | Central Library, University of Rajshahi | 28/02/1958 | U.S.I.S.Dacca | 342.733 BRG 1944 | 23/12/2013 | C-1 | Books |